Tensor methods in statistics /

Bibliographic Details
Main Author: McCullagh, P. (Peter), 1952-
Format: Book
Language:English
Published: London ; New York : Chapman and Hall, 1987.
Series:Monographs on statistics and applied probability (Series) ; 29.
Subjects:

MARC

Tag First Indicator Second Indicator Subfields
LEADER 00000cam a2200000 a 4500
001 in00000010491
005 20151007051359.0
008 870507s1987 enka b 00110 eng
010 |a  87013826  
020 |a 0412274809 
035 |a (OCoLC)15791787 
035 |9 AAA2702AM 
040 |a DLC  |c DLC  |d TXA  |d UtOrBLW 
049 |a TXAM  |c [A11027088] 
050 0 0 |a QA433  |b .M325 1987 
082 0 |a 519.5  |2 19 
100 1 |a McCullagh, P.  |q (Peter),  |d 1952- 
245 1 0 |a Tensor methods in statistics /  |c Peter McCullagh. 
264 1 |a London ;  |a New York :  |b Chapman and Hall,  |c 1987. 
300 |a xv, 285 pages :  |b illustrations ;  |c 23 cm. 
336 |a text  |b txt  |2 rdacontent 
337 |a unmediated  |b n  |2 rdamedia 
338 |a volume  |b nc  |2 rdacarrier 
490 1 |a Monographs on statistics and applied probability ;  |v 29 
504 |a Bibliography: pages 266-275. 
500 |a Includes indexes. 
650 0 |a Calculus of tensors. 
650 0 |a Mathematical statistics. 
830 0 |a Monographs on statistics and applied probability (Series) ;  |v 29. 
999 |a MARS 
999 f f |s ebb90d2f-7576-3764-a837-547831459bc4  |i 8a968663-4040-3f5f-96ee-f6e422a28bb3  |t 0 
952 f f |p normal  |a Texas A&M University  |b College Station  |c Sterling C. Evans Library  |d Evans: Library Stacks  |t 0  |e QA433 .M325 1987  |h Library of Congress classification  |i unmediated -- volume  |m A14811027088 
998 f f |a QA433 .M325 1987  |t 0  |l Evans: Library Stacks